Breaking strongholds : (Record no. 1410)

MARC details
000 -LEADER
fixed length control field 00942pam a2200265 a 4500
001 - CONTROL NUMBER
control field 1090005
003 - CONTROL NUMBER IDENTIFIER
control field GBCCL
005 - DATE AND TIME OF LATEST TRANSACTION
control field 20241126110400.0
008 - FIXED-LENGTH DATA ELEMENTS--GENERAL INFORMATION
fixed length control field 921231s1993 miu b 000 0 eng
010 ## -
-- 92046735
020 ## - INTERNATIONAL STANDARD BOOK NUMBER
International Standard Book Number 0892837829 (pbk.) :
Terms of availability $8.99 (tent.)
040 ## - CATALOGING SOURCE
Original cataloging agency DLC
Transcribing agency DLC
Modifying agency DLC
050 00 -
-- BV4509.5
-- .W455 1993
082 00 - DEWEY DECIMAL CLASSIFICATION NUMBER
Classification number 235.4
Edition information 20
Item number WHI
100 1# - MAIN ENTRY--PERSONAL NAME
Personal name White, Tom,
Dates associated with a name 1947-
9 (RLIN) 2803
245 10 - TITLE STATEMENT
Title Breaking strongholds :
Remainder of title how spiritual warfare sets captives free /
Statement of responsibility, etc. Tom White.
260 ## - PUBLICATION, DISTRIBUTION, ETC.
Place of publication, distribution, etc. Ann Arbor, Mich. :
Name of publisher, distributor, etc. Vine Books,
Date of publication, distribution, etc. c1993.
300 ## - PHYSICAL DESCRIPTION
Extent 223 p. ;
Dimensions 20 cm.
504 ## - BIBLIOGRAPHY, ETC. NOTE
Bibliography, etc. note Includes bibliographical references (p. 219-223).
650 #0 - SUBJECT ADDED ENTRY--TOPICAL TERM
Topical term or geographic name entry element Spiritual warfare.
9 (RLIN) 576
650 #0 - SUBJECT ADDED ENTRY--TOPICAL TERM
Topical term or geographic name entry element Evangelistic work.
9 (RLIN) 290
906 ## - LOCAL DATA ELEMENT F, LDF (RLIN)
a 7
b cbc
c orignew
d 1
e ocip
f 19
g y-gencatlg
942 ## - ADDED ENTRY ELEMENTS (KOHA)
Source of classification or shelving scheme Dewey Decimal Classification
Koha item type Books
Koha issues (borrowed), all copies 1
Holdings
Withdrawn status Lost status Source of classification or shelving scheme Damaged status Not for loan Home library Current Library Shelving location Date acquired Total checkouts Total renewals Full call number Barcode Date last seen Date last checked out Copy number Price effective from Koha item type
    Dewey Decimal Classification     GRACE BIBLE COLLEGE GRACE BIBLE COLLEGE Theology 2017-04-28 1 1 235.4 WHI 002221 2025-05-01 2023-12-21 c.1 2017-04-28 Books
© Grace Bible College Library 2025